[Event "1st Behin Bazafarin Alborz Internationa"]
[Site "?"]
[Date "2014.03.11"]
[Round "7.7"]
[White "Lorparizangeneh, Shahin"]
[Black "Tahbaz, Arash"]
[Result "1-0"]
[WhiteElo "2246"]
[BlackElo "2054"]
[PlyCount "97"]

1. d4 Nf6 2. c4 g6 3. Nc3 Bg7 4. e4 d6 5. Nf3 O-O 6. Be2 e5 7. O-O Nc6 8. Be3
Ng4 9. Bg5 f6 10. Bh4 Qe8 11. d5 Ne7 12. Ne1 Nh6 13. f3 a6 14. Bf2 g5 15. c5
Bd7 16. Qb3 Qb8 17. Na4 Nf7 18. Nc2 Ng6 19. Rfc1 Bh6 20. Ne3 Nf4 21. Bf1 Qe8
22. Nc3 Rb8 23. Nf5 Bxf5 24. exf5 Qe7 25. Ne4 Rfc8 26. Rc2 Bf8 27. Rac1 Qd8 28.
g3 Nh5 29. cxd6 Nxd6 30. Nc5 Ng7 31. Bd3 Kh8 32. g4 h5 33. h3 h4 34. Kg2 Be7
35. Qa4 Nb5 36. Bxb5 axb5 37. Qxb5 Qxd5 38. Qd7 Qd6 39. Rd1 Qxd7 40. Rxd7 Bd8
41. Rcd2 Ne8 42. Nxb7 Rxb7 43. Rxd8 Rbb8 44. Rxc8 Rxc8 45. Rd7 Kg8 46. a4 Ra8
47. b3 Kf8 48. Bc5+ Kg8 49. Re7 1-0

[Event "1st Behin Bazafarin Alborz Internatinoa"]
[Site "?"]
[Date "2014.03.11"]
[Round "7.9"]
[White "Shafaee, H."]
[Black "Darini, Pouria"]
[Result "0-1"]
[WhiteElo "2079"]
[BlackElo "2510"]
[PlyCount "68"]
[EventDate "2014.??.??"]

1. Nf3 Nf6 2. c4 g6 3. g3 Bg7 4. Bg2 O-O 5. O-O d6 6. d4 Nc6 7. Nc3 a6 8. h3
Bf5 9. Be3 Ne4 10. Nxe4 Bxe4 11. Rc1 d5 12. b3 Qd7 13. cxd5 Bxd5 14. Kh2 Rad8
15. Bf4 h6 16. h4 e6 17. Qd3 f5 18. e3 Qe7 19. Qc3 Rd7 20. Ne5 Bxe5 21. Bxe5
Nxe5 22. dxe5 Bxg2 23. Kxg2 Rfd8 24. Rc2 c6 25. Re1 Rd3 26. Qc4 R8d5 27. Rc3
Rd2 28. Qf4 Qg7 29. e4 g5 30. Qf3 Rxe5 31. Qh5 fxe4 32. hxg5 Rxg5 33. Qe8+ Kh7
34. Ree3 Qf6 0-1

[Event "1st Behin Bazafarin Alborz Internationa"]
[Site "?"]
[Date "2014.03.11"]
[Round "7.10"]
[White "Khodashenas, Mersad"]
[Black "Bajarani, Ulvi"]
[Result "0-1"]
[WhiteElo "2262"]
[BlackElo "2492"]
[PlyCount "70"]

1. e4 c5 2. Nf3 d6 3. d4 cxd4 4. Nxd4 Nf6 5. Nc3 a6 6. Bg5 e6 7. Qf3 Nbd7 8.
Be2 Qc7 9. O-O-O Be7 10. Rhe1 h6 11. Bh4 Rb8 12. Qe3 b5 13. f4 b4 14. Nb1 Bb7
15. Nd2 Nc5 16. Bf3 Ng4 17. Bxg4 Bxh4 18. g3 Bf6 19. h4 O-O 20. Bf3 Rfc8 21.
Kb1 Na4 22. e5 dxe5 23. fxe5 Be7 24. Bxb7 Rxb7 25. N2f3 a5 26. g4 Nc3+ 27. bxc3
bxc3+ 28. Ka1 Ba3 29. Rd3 a4 30. Rb1 Rxb1+ 31. Kxb1 Qb7+ 32. Nb3 axb3 33. axb3
Bb2 34. Qd4 Qa6 35. Qa4 Qxd3 0-1

[Event "1st Behin Bazafarin Alborz Internationa"]
[Site "?"]
[Date "2014.03.11"]
[Round "7.3"]
[White "Mousavi, Seyed Khalil"]
[Black "Golizadeh, Asghar"]
[Result "1/2-1/2"]
[WhiteElo "2319"]
[BlackElo "2508"]
[PlyCount "30"]
[EventDate "2014.??.??"]

1. Nf3 c5 2. c4 Nc6 3. g3 g6 4. Bg2 Bg7 5. Nc3 d6 6. O-O Bf5 7. h3 Qd7 8. Kh2
Nf6 9. d3 h6 10. e4 Be6 11. Nd5 g5 12. Ne1 g4 13. h4 Nh5 14. Rb1 f5 15. f4 O-O
1/2-1/2

[Event "1st Behin Bazafarin Alborz Internationa"]
[Site "?"]
[Date "2014.03.11"]
[Round "7.11"]
[White "Ghaziolsharif, Kaveh"]
[Black "Toufighi, Homayoon"]
[Result "0-1"]
[WhiteElo "2167"]
[BlackElo "2456"]
[PlyCount "116"]
[EventDate "2014.??.??"]

1. Nf3 e6 2. g3 Nf6 3. Bg2 d5 4. O-O Be7 5. d3 c5 6. c3 Nc6 7. a3 a5 8. a4 O-O
9. Na3 h6 10. Nb5 e5 11. Nd2 Be6 12. e4 Qd7 13. Re1 Rad8 14. Qe2 Rfe8 15. exd5
Bxd5 16. Ne4 Nxe4 17. dxe4 Bb3 18. Be3 b6 19. Qh5 Bf8 20. Bf1 g6 21. Qf3 f5 22.
Bh3 Qf7 23. Bg2 Kh8 24. h4 Bc2 25. exf5 e4 26. Qf4 Ne5 27. fxg6 Qxg6 28. Re2
Bd3 29. Rd2 Rd7 30. Rad1 Rf7 31. h5 Qxh5 32. Qh4 Qg6 33. b3 Bg7 34. Bf4 Ref8
35. Bxe5 Bxe5 36. Re1 Bf4 37. Rb2 Rg8 38. Kh2 e3 39. Rxe3 Bxe3 40. fxe3 Rf5 41.
g4 Rf7 42. Bd5 Kh7 43. Bxf7 Qxf7 44. c4 Qe6 45. Rg2 Be4 46. Rg1 Qe5+ 47. Qg3
Qb2+ 48. Kh3 Rf8 49. Qc7+ Kg8 50. Qd6 Rf3+ 51. Rg3 Rf6 52. Qd8+ Rf8 53. Qd1 Rf7
54. Qd8+ Kh7 55. Qe8 Bg6 56. Qc6 Qa1 57. Nd6 Qf6 58. Qd5 Rd7 0-1

[Event "1st Behin Bazafarin Alborz Internationa"]
[Site "?"]
[Date "2014.03.11"]
[Round "7.12"]
[White "Khatibi, Meysam"]
[Black "Sharbaf, Mohsen"]
[Result "0-1"]
[WhiteElo "2166"]
[BlackElo "2434"]
[PlyCount "120"]
[EventDate "2014.??.??"]

1. e4 g6 2. d4 Bg7 3. c3 d6 4. Be3 e5 5. dxe5 dxe5 6. Qxd8+ Kxd8 7. Nd2 Be6 8.
Bc4 Bxc4 9. Nxc4 Nd7 10. O-O-O Ke7 11. Nf3 f6 12. Rd2 b6 13. Rhd1 Rd8 14. Ne1
Nh6 15. f3 Nf7 16. Nd3 Nb8 17. a4 Nc6 18. Kc2 Nd6 19. Nxd6 Rxd6 20. Nb4 Nxb4+
21. cxb4 Rxd2+ 22. Rxd2 a6 23. Kb3 Rb8 24. Rd1 Bf8 25. Rc1 Kd7 26. Rd1+ Bd6 27.
Rc1 h5 28. Rd1 f5 29. Rg1 Rf8 30. Kc4 Ke6 31. Rd1 b5+ 32. axb5 axb5+ 33. Kb3
Ra8 34. Rc1 Rf8 35. Ra1 fxe4 36. fxe4 g5 37. Re1 g4 38. Re2 Rf1 39. Bf2 Be7 40.
g3 Bg5 41. Kc3 Rh1 42. Ba7 Kf6 43. Kb3 h4 44. Rg2 h3 45. Re2 Ke6 46. Bc5 Be7
47. Be3 Rf1 48. Bd2 c5 49. Kc2 c4 50. Be1 Rg1 51. Bd2 Kd7 52. Be1 Kc6 53. Bd2
Kb7 54. Be1 Bg5 55. Kd1 Bd8 56. Kd2 Rg2 57. Kd1 Bb6 58. Rd2 Bd4 59. Re2 Bxb2
60. Rf2 Bd4 0-1

[Event "1st Behin Bazafarin Alborz Internationa"]
[Site "?"]
[Date "2014.03.11"]
[Round "7.13"]
[White "Mahjoob, Morteza"]
[Black "Sakhayi, Mostafa"]
[Result "1-0"]
[WhiteElo "2413"]
[BlackElo "2152"]
[PlyCount "121"]
[EventDate "2014.??.??"]

1. Nf3 d6 2. d4 f5 3. g3 Nf6 4. Bg2 g6 5. c4 c6 6. O-O Bg7 7. b4 O-O 8. Bb2
Nbd7 9. Nbd2 Qc7 10. Qb3 Re8 11. Rae1 Kh8 12. e4 e5 13. exf5 gxf5 14. c5 e4 15.
Ng5 d5 16. Nf7+ Kg8 17. Nd6 Rf8 18. f3 Kh8 19. fxe4 fxe4 20. Nf5 b6 21. Nxg7
Kxg7 22. b5 Bb7 23. Nxe4 dxe4 24. d5 cxd5 25. c6 Bxc6 26. bxc6 Qxc6 27. Qe3 h6
28. Rf5 Qb5 29. Ba1 d4 30. Rxb5 dxe3 31. Bxe4 Rac8 32. Bf5 Rc7 33. Bd4 Re8 34.
Rb3 Ne5 35. Rexe3 Rce7 36. Rb5 Nc4 37. Rxe7+ Rxe7 38. Bd3 Ne3 39. Rb3 Neg4 40.
Bf5 Kf7 41. h3 Ne5 42. Kf2 Nc6 43. Bb2 Ne4+ 44. Bxe4 Rxe4 45. Rf3+ Ke7 46. Re3
Rxe3 47. Kxe3 b5 48. Ke4 Ke6 49. g4 a5 50. Bc1 Nb4 51. a3 Nd5 52. Bxh6 b4 53.
axb4 a4 54. Bc1 Nxb4 55. h4 Nc2 56. h5 a3 57. Kd3 a2 58. Bb2 Ne1+ 59. Ke2 Ng2
60. h6 Nf4+ 61. Kd2 1-0

[Event "1st Behin Bazafarin Alborz Internationa"]
[Site "?"]
[Date "2014.03.11"]
[Round "7.14"]
[White "Khaghani, Babak"]
[Black "Valizadeh, Ali"]
[Result "1/2-1/2"]
[WhiteElo "2344"]
[BlackElo "2198"]
[PlyCount "86"]
[EventDate "2014.??.??"]

1. d4 Nf6 2. c4 e6 3. Nc3 Bb4 4. Qc2 O-O 5. e4 d6 6. a3 Bxc3+ 7. bxc3 Nc6 8.
Bd3 e5 9. Ne2 Re8 10. O-O Qe7 11. d5 Nb8 12. c5 dxc5 13. c4 Nbd7 14. Ng3 Nf8
15. f4 exf4 16. Bxf4 Ng4 17. e5 Qh4 18. Ne4 Nxe5 19. Nxc5 b6 20. Bg3 Qg5 21.
Bf4 Qf6 22. Ne4 Nf3+ 23. Kh1 Qxf4 24. Rxf3 Qe5 25. Raf1 f5 26. Ng5 g6 27. c5
bxc5 28. Qxc5 Qd6 29. Qc3 Re5 30. Ne4 Qe7 31. Bc4 Kg7 32. Nc5 Qf6 33. Re3 Rxe3
34. Qxe3 Bd7 35. Nxd7 Nxd7 36. Re1 Rb8 37. h3 Qd6 38. Qe7+ Kg8 39. Qe6+ Kh8 40.
Qe3 Rb6 41. Qe8+ Kg7 42. Qe7+ Kg8 43. Qe6+ Kg7 1/2-1/2

[Event "1st Behin Bazafarin Alborz Internationa"]
[Site "?"]
[Date "2014.03.11"]
[Round "7.15"]
[White "Nasri, Amin"]
[Black "Moghaddamian, Afshin"]
[Result "1/2-1/2"]
[WhiteElo "2340"]
[BlackElo "2179"]
[PlyCount "128"]
[EventDate "2014.??.??"]

1. d4 Nf6 2. c4 c5 3. d5 e5 4. Nc3 d6 5. e4 Nbd7 6. Bd3 Be7 7. h3 h5 8. Be3 Nf8
9. Qd2 h4 10. a3 Ng6 11. Bc2 Bd7 12. Bd3 Qc7 13. Nf3 Nh5 14. Ne2 O-O 15. O-O f5
16. exf5 Bxf5 17. Ng5 Bxg5 18. Bxg5 Qf7 19. Nc3 Nhf4 20. Bc2 Qd7 21. Be4 Bxe4
22. Nxe4 Rf5 23. Qd1 Raf8 24. Qg4 R8f7 25. Rae1 a6 26. Re3 b5 27. b3 Qc7 28. g3
hxg3 29. Rxg3 Kf8 30. h4 Ne7 31. h5 Ng8 32. Kh2 Nh6 33. Qh4 Ne2 34. Bxh6 Nxg3
35. Nxg3 gxh6 36. Nxf5 Rxf5 37. Rg1 Rf4 38. Rg4 Rxg4 39. Qxg4 Qf7 40. Qc8+ Kg7
41. Qg4+ Kh7 42. Kg3 bxc4 43. bxc4 Qf6 44. a4 a5 45. Qd7+ Kh8 46. Qc8+ Kh7 47.
Qg4 Kh8 48. Kg2 Kh7 49. Kg3 Qf7 50. Qh4 Kg7 51. Kg2 Kh7 52. Kf1 Qf5 53. Kg2 Kh8
54. Kg3 Qf7 55. f3 Qf5 56. Kg2 Qc2+ 57. Kh3 Qf5+ 58. Kg3 Kh7 59. Qe7+ Kh8 60.
Qxd6 Qg5+ 61. Kf2 Qd2+ 62. Kg1 Qg5+ 63. Kf1 Qc1+ 64. Kf2 Qd2+ 1/2-1/2

[Event "1st Behin Bazafarin Alborz Internationa"]
[Site "Tehran"]
[Date "2014.03.10"]
[Round "6.1"]
[White "Asgari, Morteza"]
[Black "Noroozi, Omid"]
[Result "0-1"]
[WhiteElo "2279"]
[BlackElo "2382"]
[PlyCount "62"]
[EventDate "2014.03.06"]

1. e4 c5 2. Nf3 Nc6 3. d4 cxd4 4. Nxd4 e5 5. Nb5 d6 6. N1c3 a6 7. Na3 Be6 8.
Nc4 Rb8 9. Nd5 b5 10. Nce3 Nf6 11. Bd3 Be7 12. O-O O-O 13. a4 Qd7 14. c3 Bd8
15. Qe2 Qb7 16. Rd1 g6 17. axb5 axb5 18. Bc2 Ne8 19. Ng4 f5 20. exf5 gxf5 21.
Nh6+ Kh8 22. Ne3 Ne7 23. Qd3 Rf6 24. Nf1 Rg6 25. Ng3 f4 26. Bxf4 exf4 27. Qd4+
Rg7 28. Qxf4 Ng8 29. Re1 Bg5 30. Qf8 Bxh6 31. Rxe6 Rxg3 0-1

[Event "1st  Behin Bazafarin Alborz Internationa"]
[Site "Tehran"]
[Date "2014.03.10"]
[Round "6.3"]
[White "Tabatabaei, M.Amin"]
[Black "Golizadeh, Asghar"]
[Result "1/2-1/2"]
[WhiteElo "2203"]
[BlackElo "2508"]
[PlyCount "52"]
[EventDate "2014.03.06"]

1. e4 c5 2. Nf3 e6 3. g3 d6 4. Qe2 Nf6 5. e5 dxe5 6. Nxe5 Qc7 7. Bg2 Nbd7 8.
Nc4 Be7 9. d3 O-O 10. Bf4 Qd8 11. Nc3 Nb6 12. O-O Nbd5 13. Be5 b6 14. Nxd5 Nxd5
15. Be4 Bb7 16. Qh5 g6 17. Qh6 Bf6 18. h4 Bxe5 19. Nxe5 Qc7 20. Nc4 Nb4 21. c3
Bxe4 22. dxe4 Nd3 23. Rad1 Rad8 24. Qe3 b5 25. Rxd3 bxc4 26. Rdd1 Qb7 1/2-1/2

[Event "1st  Behin Bazafarin Alborz Internationa"]
[Site "Tehran"]
[Date "2014.03.10"]
[Round "6.5"]
[White "Ahmadinia, Ebrahim"]
[Black "Gadimbayli, Abdulla"]
[Result "1-0"]
[WhiteElo "2373"]
[BlackElo "2094"]
[PlyCount "73"]
[EventDate "2014.03.06"]

1. d4 d5 2. Bf4 Nf6 3. e3 e6 4. Nf3 c5 5. c3 Nc6 6. Nbd2 Be7 7. h3 a6 8. Bd3 b5
9. Ne5 Bb7 10. Qf3 b4 11. O-O O-O 12. Rfc1 bxc3 13. bxc3 Nxe5 14. Bxe5 Bc6 15.
a4 Nd7 16. Bg3 Bf6 17. Bd6 Re8 18. dxc5 e5 19. e4 d4 20. Qe2 Be7 21. cxd4 exd4
22. Bxa6 Nf6 23. Bg3 Bf8 24. Bb5 Qc8 25. f3 Nd7 26. Nb3 g6 27. Qc4 Bg7 28. Rab1
Ne5 29. Bxe5 Rxe5 30. Nxd4 Bxb5 31. Rxb5 Rg5 32. h4 Rh5 33. Ne2 Rxh4 34. c6 Qc7
35. Rb7 Qh2+ 36. Kf2 Rc8 37. Qxf7+ 1-0

[Event "1st  Behin Bazafarin Alborz Internationa"]
[Site "Tehran"]
[Date "2014.03.10"]
[Round "6.6"]
[White "Moghaddamian, Afshin"]
[Black "Mousavi, Seyed Khalil"]
[Result "0-1"]
[WhiteElo "2179"]
[BlackElo "2319"]
[PlyCount "64"]
[EventDate "2014.03.06"]

1. e4 c5 2. Nf3 e6 3. d4 cxd4 4. Nxd4 Nf6 5. Bd3 Nc6 6. Nb3 d6 7. O-O Be7 8.
Nc3 O-O 9. f4 a6 10. a4 Qc7 11. Kh1 b6 12. Bd2 Bb7 13. Qe2 Nd7 14. Nd5 exd5 15.
exd5 Bf6 16. dxc6 Qxc6 17. c3 Nc5 18. Nxc5 dxc5 19. Rf3 Rad8 20. Rg1 Qd7 21.
Rg3 c4 22. Bxh7+ Kxh7 23. Qh5+ Kg8 24. Rh3 Qxh3 25. Qxh3 Rxd2 26. Qe3 Rxb2 27.
h3 Rd8 28. Kh2 Bc6 29. a5 Re8 30. Qc1 Ree2 31. h4 bxa5 32. Qd1 Bxg2 0-1

[Event "1st  Behin Bazafarin Alborz Internationa"]
[Site "Tehran"]
[Date "2014.03.10"]
[Round "6.8"]
[White "Benidze, Davit"]
[Black "Sadeghi, M.A."]
[Result "1-0"]
[WhiteElo "2479"]
[BlackElo "2160"]
[PlyCount "77"]
[EventDate "2014.03.06"]

1. Nf3 Nf6 2. g3 b6 3. Bg2 Bb7 4. O-O c5 5. d3 e6 6. e4 d6 7. Re1 Be7 8. c4 O-O
9. Nc3 Nbd7 10. d4 cxd4 11. Nxd4 a6 12. e5 dxe5 13. Nxe6 fxe6 14. Bxb7 Ra7 15.
Bg2 Bc5 16. Be3 Qe7 17. Bh3 e4 18. Bg2 Ne5 19. Nxe4 Bxe3 20. Rxe3 Nxc4 21. Rc3
Nxe4 22. Bxe4 Nd6 23. Bg2 Rd7 24. Rd3 Rdd8 25. Qe2 Nb5 26. Rxd8 Rxd8 27. a4 Nc7
28. Rc1 b5 29. Qe5 Rd6 30. a5 Qd7 31. Bb7 Rd1+ 32. Rxd1 Qxd1+ 33. Kg2 Qd7 34.
Qc5 g6 35. h4 h5 36. Qb6 Kf7 37. Bxa6 Qd5+ 38. Kh2 Nxa6 39. Qxa6 1-0

[Event "1st  Behin Bazafarin Alborz Internationa"]
[Site "Tehran"]
[Date "2014.03.10"]
[Round "6.9"]
[White "Toufighi, Homayoon"]
[Black "Maleki, Amir"]
[Result "1/2-1/2"]
[WhiteElo "2456"]
[BlackElo "2113"]
[PlyCount "49"]
[EventDate "2014.03.06"]

1. d4 d5 2. Nf3 Nc6 3. e3 Bg4 4. c4 e6 5. Nc3 Nf6 6. Qb3 Bxf3 7. gxf3 dxc4 8.
Qxb7 Nb4 9. Qb5+ Qd7 10. Qxd7+ Nxd7 11. Rb1 Nb6 12. b3 cxb3 13. Rxb3 c6 14. a3
N4d5 15. Ba6 Rb8 16. e4 Nc7 17. Be2 Bd6 18. Rg1 g6 19. Bg5 f5 20. Kd2 Bxh2 21.
Rh1 Bd6 22. Bf6 O-O 23. Bh4 Nd7 24. Bc4 Rxb3 25. Bxb3 1/2-1/2

[Event "1st  Behin Bazafarin Alborz Internationa"]
[Site "Tehran"]
[Date "2014.03.10"]
[Round "6.11"]
[White "Ardeshi, Mehrdad"]
[Black "Tavakolian, M."]
[Result "0-1"]
[WhiteElo "2344"]
[BlackElo "2101"]
[PlyCount "62"]
[EventDate "2014.03.06"]

1. e4 c5 2. Nf3 Nc6 3. Bb5 Qc7 4. O-O a6 5. Bxc6 Qxc6 6. Nc3 e6 7. d4 cxd4 8.
Nxd4 Qc7 9. f4 b5 10. Be3 b4 11. Na4 Nf6 12. e5 Nd5 13. Qd2 Bb7 14. Rf2 Be7 15.
Nb3 O-O 16. Bc5 d6 17. exd6 Bxd6 18. Bxd6 Qxd6 19. Nac5 Bc6 20. Rd1 Rfd8 21.
Nd3 a5 22. Nbc5 Qc7 23. Re1 Nf6 24. f5 e5 25. Qg5 e4 26. Nf4 Bb5 27. Nb3 a4 28.
Nd2 h6 29. Qh4 Qxc2 30. Nf1 Qc5 31. Ne3 Qxe3 0-1

[Event "1st  Behin Bazafarin Alborz Internationa"]
[Site "Tehran"]
[Date "2014.03.10"]
[Round "6.13"]
[White "Khademi, Mohammad Miran"]
[Black "Shafaee, H."]
[Result "0-1"]
[WhiteElo "2281"]
[BlackElo "2072"]
[PlyCount "82"]
[EventDate "2014.03.06"]

1. e4 c5 2. Nc3 Nc6 3. g3 g6 4. d3 Bg7 5. Be3 d6 6. Bg2 Nf6 7. Nge2 O-O 8. h3
Rb8 9. Qd2 b5 10. O-O Bd7 11. Bh6 a5 12. Bxg7 Kxg7 13. f4 b4 14. Nd1 a4 15. g4
Qc7 16. Ne3 Nd4 17. Ng3 a3 18. g5 Ng8 19. bxa3 bxa3 20. f5 Rb2 21. f6+ Kh8 22.
Rf4 Be6 23. Raf1 Qd8 24. Qc3 exf6 25. gxf6 Rxa2 26. R4f2 Qd7 27. e5 Rc8 28.
exd6 Qxd6 29. Ne4 Qe5 30. Nc4 Qh5 31. Re1 Bxh3 32. Ncd6 Rc7 33. Ng3 Qh4 34. Re7
Nxe7 35. Nxf7+ Kg8 36. Qe1 Be6 37. fxe7 Rxe7 38. Qe5 Ra1+ 39. Bf1 Bxf7 40. Qb8+
Kg7 41. Ne4 a2 0-1

[Event "1st Behin Bazafarin Alborz Internationa"]
[Site "?"]
[Date "2014.03.11"]
[Round "8.1"]
[White "Rasulov, Vugar"]
[Black "Noroozi, Omid"]
[Result "1-0"]
[WhiteElo "2521"]
[BlackElo "2382"]
[PlyCount "64"]

1. e4 c5 2. Nf3 d6 3. d4 cxd4 4. Nxd4 Nf6 5. Nc3 a6 6. Bg5 e6 7. f4 Qb6 8. Nb3
Be7 9. Qf3 Nbd7 10. O-O-O Qc7 11. Bd3 b5 12. Rhe1 O-O 13. e5 Bb7 14. Qh3 dxe5
15. Bxf6 Nxf6 16. fxe5 g6 17. exf6 Bxf6 18. Be4 Qf4+ 19. Kb1 Bxc3 20. Bxb7 Bxe1
21. Bxa8 Bb4 22. g3 Qe5 23. Qg2 Be7 24. Bf3 b4 25. Qe2 Qf6 26. Na5 Qg5 27. Nc6
Bf6 28. Qe4 Qc5 29. Qxb4 Qf2 30. Qf4 Bg7 31. a3 e5 32. Qe4 Qxh2 1-0

[Event "1st Behin Bazafarin Alborz Internationa"]
[Site "?"]
[Date "2014.03.11"]
[Round "8.6"]
[White "Darini, Pouria"]
[Black "Mahjoob, Morteza"]
[Result "0-1"]
[WhiteElo "2510"]
[BlackElo "2413"]
[PlyCount "39"]
[EventDate "2014.??.??"]

1. e4 c5 2. Nf3 Nc6 3. Bb5 e6 4. O-O Nge7 5. b3 a6 6. Bxc6 Nxc6 7. Bb2 d6 8. d4
cxd4 9. Nxd4 Bd7 10. Nd2 Qc7 11. a4 Rc8 12. Nc4 Ne5 13. Ne3 h5 14. h3 g5 15.
Nf3 Be7 16. Ba3 Rd8 17. Nd4 Bc6 18. Nxc6 Qxc6 19. Qd4 Bf6 20. Qb4 0-1

[Event "1st Behin Bazafarin Alborz Internationa"]
[Site "?"]
[Date "2014.03.11"]
[Round "8.15"]
[White "Bagheri, Maziar"]
[Black "Hakimifard, Ghazal"]
[Result "1-0"]
[WhiteElo "2088"]
[BlackElo "2221"]
[PlyCount "43"]
[EventDate "2014.??.??"]

1. Nf3 Nf6 2. c4 e6 3. Nc3 c5 4. g3 b6 5. Bg2 Bb7 6. O-O Be7 7. Re1 O-O 8. e4
d6 9. d4 cxd4 10. Nxd4 Qc8 11. b3 Nc6 12. Bb2 Rd8 13. Rc1 Qd7 14. Rc2 a6 15.
Rd2 Qc7 16. Nc2 Rac8 17. Qe2 Bf8 18. Ne3 Ne5 19. Red1 Qb8 20. f3 Qa8 21. Na4
Qa7 22. Bxe5 1-0

[Event "1st Behin Bazafarin Alborz Internationa"]
[Site "?"]
[Date "2014.03.11"]
[Round "8.13"]
[White "Nasri, Amin"]
[Black "Tavakolian, M."]
[Result "0-1"]
[WhiteElo "2340"]
[BlackElo "2121"]
[PlyCount "66"]

1. d4 d5 2. c4 e6 3. Nc3 f5 4. Nf3 Nf6 5. Bf4 c6 6. e3 Be7 7. h3 O-O 8. Bd3 Ne4
9. Qc2 Nd7 10. g4 Nb6 11. c5 Nd7 12. b4 b6 13. b5 Bb7 14. gxf5 exf5 15. Nxd5
bxc5 16. bxc6 Bxc6 17. Nc7 Rc8 18. d5 Bb7 19. Qb3 Nd6 20. Bxd6 Bxd6 21. Qxb7
Rxc7 22. Qb3 Nb6 23. Bc4 Qf6 24. Rd1 Re7 25. Qc2 Re4 26. Be2 Rb4 27. a3 Rb2 28.
Qc1 Rb8 29. Rg1 Na4 30. Bd3 Nc3 31. Rd2 Rb1 32. Bxb1 Rxb1 33. Qxb1 Nxb1 0-1

[Event "1st Behin Bazafarin Alborz Internationa"]
[Site "?"]
[Date "2014.03.11"]
[Round "8.4"]
[White "Darban, Morteza"]
[Black "Lorparizangeneh, Shahin"]
[Result "1/2-1/2"]
[WhiteElo "2350"]
[BlackElo "2266"]
[Annotator "Microsoft"]
[PlyCount "29"]

1. c4 c6 2. Nf3 d5 3. Qc2 Nf6 4. g3 g6 5. Bg2 Bg7 6. O-O O-O 7. d3 Re8 8. Bf4
Bg4 9. Nc3 Nbd7 10. cxd5 cxd5 11. h3 Bxf3 12. Bxf3 Rc8 13. Qd2 Nc5 14. Be5 d4
15. Bxf6 $11 1/2-1/2

[Event "1st Behin Bazafarin Alborz Internationa"]
[Site "?"]
[Date "2014.03.11"]
[Round "8.3"]
[White "Benidze, Davit"]
[Black "Asgari, Morteza"]
[Result "1-0"]
[WhiteElo "2479"]
[BlackElo "2279"]
[PlyCount "63"]
[EventDate "2014.??.??"]

1. d4 Nf6 2. c4 e6 3. Nf3 d5 4. g3 Be7 5. Bg2 O-O 6. O-O dxc4 7. Qc2 a6 8. Qxc4
b5 9. Qc2 Bb7 10. Bg5 Nbd7 11. Rd1 Rc8 12. Nc3 Qe8 13. e4 b4 14. e5 bxc3 15.
exf6 Bxf6 16. Bxf6 cxb2 17. Qxb2 Bxf3 18. Bxg7 Bxg2 19. Bxf8 Bd5 20. Bh6 f6 21.
Qe2 Qg6 22. Bf4 Qf5 23. Rac1 Kh8 24. Rxc7 Rxc7 25. Bxc7 Bf3 26. Qxa6 Bxd1 27.
Qc8+ Kg7 28. Qxd7+ Kh6 29. Bf4+ Kh5 30. h3 Kg6 31. Qe8+ Kg7 32. Bd6 1-0

[Event "1st Behin Bazafarin Alborz Internationa"]
[Site "?"]
[Date "2014.03.11"]
[Round "8.14"]
[White "Asgarizadeh, Ahmad"]
[Black "Faryad, H.A."]
[Result "1-0"]
[WhiteElo "2309"]
[BlackElo "2094"]
[PlyCount "93"]
[EventDate "2014.??.??"]

1. e4 c5 2. Nf3 e6 3. d4 cxd4 4. Nxd4 a6 5. Nc3 Qc7 6. Be2 Nf6 7. O-O d6 8. a4
Nc6 9. Be3 Be7 10. f4 O-O 11. Qe1 Nxd4 12. Bxd4 e5 13. Be3 exf4 14. Bxf4 Be6
15. Qg3 g6 16. Rad1 Qc5+ 17. Kh1 d5 18. Be3 Qa5 19. Qh4 Ng4 20. Bg5 Bxg5 21.
Qxg5 h6 22. Qf4 d4 23. Bxg4 dxc3 24. Bxe6 fxe6 25. Qg4 Qh5 26. Qxe6+ Kh8 27.
bxc3 Rf2 28. Qd6 Raf8 29. Qxf8+ Rxf8 30. Rxf8+ Kg7 31. Rdf1 g5 32. R8f3 Qe8 33.
Rf7+ Kg6 34. R1f6+ Kh5 35. Rh7 g4 36. Rfxh6+ Kg5 37. Rh5+ Kf4 38. Rf5+ Ke3 39.
Rxb7 Qxa4 40. Rf1 Ke2 41. Rbb1 Qc4 42. e5 Qe6 43. c4 Kd2 44. Rfe1 a5 45. Rbd1+
Kc3 46. Rd6 Qe7 47. e6 1-0

[Event "1st Behin Bazafarin Alborz Internationa"]
[Site "?"]
[Date "2014.03.11"]
[Round "8.11"]
[White "Roghani, Arash"]
[Black "Maleki, Amir"]
[Result "1-0"]
[WhiteElo "2387"]
[BlackElo "2113"]
[PlyCount "89"]

1. e4 d5 2. exd5 Qxd5 3. Nc3 Qa5 4. d4 Nf6 5. Nf3 Bg4 6. h3 Bh5 7. g4 Bg6 8.
Ne5 c6 9. Bc4 Nbd7 10. Nxg6 hxg6 11. Bd2 Qb6 12. Qe2 Qxd4 13. O-O-O Qe5 14. Be3
e6 15. f4 Qa5 16. f5 gxf5 17. g5 Ne4 18. Nxe4 fxe4 19. g6 Qh5 20. Qd2 Nf6 21.
Rhf1 Be7 22. Rxf6 gxf6 23. g7 Rd8 24. gxh8=Q+ Qxh8 25. Qh2 Rxd1+ 26. Kxd1 Qh5+
27. Kc1 Qa5 28. Qb8+ Bd8 29. c3 Qa4 30. Be2 b6 31. Qb7 e5 32. Bg4 c5 33. Bd1
Qc4 34. Qc6+ Kf8 35. Bh6+ Ke7 36. Qb7+ Ke8 37. Qc6+ Ke7 38. a3 Qf1 39. Qb7+ Ke8
40. Qxe4 Bc7 41. h4 Bd6 42. Qf3 Qxf3 43. Bxf3 f5 44. Bd5 Ke7 45. Bg7 1-0

[Event "1st Behin Bazafarin Alborz Internationa"]
[Site "?"]
[Date "2014.03.11"]
[Round "8.10"]
[White "Moradi, Amirmasoud"]
[Black "Javakhadze, Zurab"]
[Result "1/2-1/2"]
[WhiteElo "2129"]
[BlackElo "2450"]
[PlyCount "67"]
[EventDate "2014.??.??"]

1. e4 e5 2. Nf3 Nc6 3. Bb5 a6 4. Ba4 d6 5. O-O Nf6 6. Re1 Be7 7. c3 O-O 8. d4
b5 9. Bb3 Bg4 10. Be3 exd4 11. cxd4 Na5 12. Bc2 Nc4 13. Bc1 c5 14. b3 Nb6 15.
Nbd2 Bh5 16. Bb2 Re8 17. e5 dxe5 18. dxe5 Nfd5 19. Qb1 h6 20. e6 Bf6 21. exf7+
Bxf7 22. Ne5 Qc7 23. Ndf3 Rad8 24. Bh7+ Kf8 25. Bg6 Bxg6 26. Qxg6 Rd6 27. Qh7
Rde6 28. Ng6+ Kf7 29. Rxe6 Rxe6 30. Nh8+ Kf8 31. Ng6+ Kf7 32. Nh8+ Kf8 33. Ng6+
Kf7 34. Nh8+ 1/2-1/2

[Event "1st Behin Bazafarin Alborz Internationa"]
[Site "?"]
[Date "2014.03.11"]
[Round "8.12"]
[White "Derakhshani, Dorsa"]
[Black "Khaghani, Babak"]
[Result "1-0"]
[WhiteElo "2107"]
[BlackElo "2342"]
[PlyCount "105"]
[EventDate "2014.??.??"]

1. e4 c5 2. Nf3 g6 3. d4 Bg7 4. c4 Nc6 5. dxc5 Qa5+ 6. Bd2 Qxc5 7. Nc3 Nf6 8.
Bd3 d6 9. h3 O-O 10. O-O Be6 11. Rc1 Qb6 12. a3 Nd7 13. b3 Nc5 14. Bc2 Rfc8 15.
Nd5 Qd8 16. b4 Nd7 17. Bg5 h6 18. Be3 Kh7 19. Nd2 Bb2 20. Rb1 Bg7 21. f4 a5 22.
Nf3 axb4 23. axb4 Ra3 24. Bc1 Ra2 25. Rf2 b5 26. f5 Bxd5 27. fxg6+ fxg6 28.
exd5 Nce5 29. Bxg6+ Nxg6 30. Rxa2 Rxc4 31. Ng5+ hxg5 32. Qh5+ Bh6 33. Bxg5 Qf8
34. Rf1 Rf4 35. Bxf4 Nxf4 36. Qh4 Ne5 37. g3 Qg7 38. Rxf4 Ng6 39. Qg4 Bxf4 40.
gxf4 Qd4+ 41. Rf2 Qxb4 42. f5 Qe1+ 43. Rf1 Qe3+ 44. Kh1 Ne5 45. Qh5+ Kg7 46.
Rg1+ Kf6 47. Qh8+ Kxf5 48. Qh7+ Kf4 49. Rf1+ Kg3 50. Qf5 b4 51. Rg1+ Qxg1+ 52.
Kxg1 Nf3+ 53. Kf1 1-0